Statistics for 314 digits of 85/27

Click here to take the quiz!

General Stats

  • This quiz has been taken 45 times
  • The average score is 30 of 314

Answer Stats

% Correct
1
91%
3.
91%
4
91%
1
55%
1
55%
4
55%
8
55%
8
55%
4
45%
1
36%
1
36%
1
36%
4
36%
4
36%
8
36%
8
36%
8
36%
1
27%
1
27%
1
27%
1
27%
1
27%
1
27%
1
27%
4
27%
4
27%
4
27%
4
27%
4
27%
4
27%
4
27%
48
27%
8
27%
8
27%
8
27%
8
27%
8
27%
8
27%
8
27%
1
18%
1
18%
1
18%
1
18%
1
18%
1
18%
1
18%
4
18%
4
18%
4
18%
4
18%
4
18%
4
18%
4
18%
8
18%
8
18%
8
18%
8
18%
8
18%
8
18%
1
9%
1
9%
1
9%
1
9%
1
9%
1
9%
1
9%
1
9%
1
9%
1
9%
1
9%
1
9%
1
9%
1
9%
1
9%
1
9%
1
9%
1
9%
1
9%
1
9%
1
9%
1
9%
1
9%
1
9%
1
9%
1
9%
1
9%
1
9%
1
9%
1
9%
1
9%
1
9%
1
9%
1
9%
1
9%
1
9%
1
9%
1
9%
1
9%
1
9%
1
9%
4
9%
4
9%
4
9%
4
9%
4
9%
4
9%
4
9%
4
9%
4
9%
4
9%
4
9%
4
9%
4
9%
4
9%
4
9%
4
9%
4
9%
4
9%
4
9%
4
9%
4
9%
4
9%
4
9%
4
9%
4
9%
4
9%
4
9%
4
9%
4
9%
4
9%
4
9%
4
9%
4
9%
4
9%
4
9%
4
9%
4
9%
4
9%
4
9%
4
9%
8
9%
8
9%
8
9%
8
9%
8
9%
8
9%
8
9%
8
9%
8
9%
8
9%
8
9%
8
9%
8
9%
8
9%
8
9%
8
9%
8
9%
8
9%
8
9%
8
9%
8
9%
8
9%
8
9%
8
9%
8
9%
8
9%
8
9%
8
9%
8
9%
8
9%
8
9%
8
9%
8
9%
8
9%
8
9%
8
9%
8
9%
8
9%
8
9%
8
9%
8
9%
1
0%
1
0%
1
0%
1
0%
1
0%
1
0%
1
0%
1
0%
1
0%
1
0%
1
0%
1
0%
1
0%
1
0%
1
0%
1
0%
1
0%
1
0%
1
0%
1
0%
1
0%
1
0%
1
0%
1
0%
1
0%
1
0%
1
0%
1
0%
1
0%
1
0%
1
0%
1
0%
1
0%
1
0%
1
0%
1
0%
1
0%
1
0%
1
0%
1
0%
1
0%
1
0%
1
0%
1
0%
4
0%
4
0%
4
0%
4
0%
4
0%
4
0%
4
0%
4
0%
4
0%
4
0%
4
0%
4
0%
4
0%
4
0%
4
0%
4
0%
4
0%
4
0%
4
0%
4
0%
4
0%
4
0%
4
0%
4
0%
4
0%
4
0%
4
0%
4
0%
4
0%
4
0%
4
0%
4
0%
4
0%
4
0%
4
0%
4
0%
4
0%
4
0%
4
0%
4
0%
4
0%
4
0%
4
0%
4
0%
4
0%
8
0%
8
0%
8
0%
8
0%
8
0%
8
0%
8
0%
8
0%
8
0%
8
0%
8
0%
8
0%
8
0%
8
0%
8
0%
8
0%
8
0%
8
0%
8
0%
8
0%
8
0%
8
0%
8
0%
8
0%
8
0%
8
0%
8
0%
8
0%
8
0%
8
0%
8
0%
8
0%
8
0%
8
0%
8
0%
8
0%
8
0%
8
0%
8
0%
8
0%
8
0%
8
0%
8
0%
8
0%

Score Distribution

Percentile by Number Answered

Percent of People with Each Score

Your Score History

You have not taken this quiz